00620nam a2200205Ia 4500003000900000008004100009020001800050040001600068080001300084100001400097111005100111245009500162250001200257260003300269300001800302650004100320650002700361650001100388700001500399IN-BaIIA211028s9999 xx 000 0 eng d a0-08-026481-6 cIIA Library a535bBOR aBorn, Max aWorkshop on Stellar Continuum Radio Astronomy 0aPrinciples of opticscMax Born and Emil Wolf  a6th ed. aOxfordbPergamon Pressc1980 axxviii, 808p. aAstronomy and astrophysics thesaurus aElectromagnetic theory aOptics aWolf, Emil